European Territories in the Caribbean - Statistics

General Stats
  • This quiz has been taken 41 times
  • The average score is 11 of 19
Answer Stats
Country Territory % Correct
France Martinique
89%
Netherlands Aruba
86%
Netherlands Curaçao
86%
France Guadeloupe
86%
France Saint Martin
86%
Netherlands Bonaire
78%
United Kingdom British Virgin Islands
78%
United Kingdom Bermuda
72%
United Kingdom Cayman Islands
72%
United Kingdom Turks and Caicos
72%
United Kingdom Montserrat
69%
France Saint Barthélemy
64%
Netherlands Sint Maarten
64%
United Kingdom Anguilla
50%
Netherlands Saba
47%
Netherlands Sint Eustatius
42%
France La Désirade
3%
France Marie Galante
3%
France Les Saintes
0%
No matching quizzes found
Score Distribution
Percent of People with Each Score
Percentile by Number Answered
Your Score History
You have not taken this quiz